000 00738nam a2200241 i 4500
003 DO-SdBNP
005 20260305082055.0
007 ta
008 260305s190? dr o 000 0 spa d
040 _aDO-SdBNP
_bspa
_cBNPHU
_erda
041 _aspa
082 _axxxx
_bG216g
_222
100 _aGarcía, Carlos
_eautor
_911765
245 1 0 _aGuía de los plazos en el nuevo proceso penal /
_cCarlos García
264 1 _aMoca, República Dominicana :
_bEditora Dalis .
_cFecha desconocida
300 _a204 páginas :
_bilustraciones ;
_c25 cm.
336 _2rdacontent
_atexto
_btxt
337 _2rdamedia
_asin mediación
_bn
338 _2rdacarrier
_avolumen
_bnc
590 _aInventariado, 2026/DG
910 _aDG
942 _2ddc
_cLBS1
999 _c60429
_d60429